|
|
|
|
| LEADER |
00622cam a2200205 7i4500 |
| 001 |
0000052614 |
| 005 |
20190513090000.0 |
| 020 |
|
|
|a 9832349516 (pbk.)
|
| 020 |
|
|
|a 9789832349518 (pbk.)
|
| 090 |
0 |
0 |
|a HF5415.G73
|b C97 2003
|
| 100 |
1 |
|
|a Cyr, Donald
|
| 245 |
1 |
0 |
|a Marketing your product
|c Donald Cyr, Douglas Gray.
|
| 250 |
|
|
|a 4th ed.
|
| 260 |
|
|
|a Petaling Jaya, Selangor:
|b Advantage Quest,
|c 2003.
|
| 300 |
|
|
|a xviii, 180 p.;
|c 23 cm.
|
| 490 |
0 |
|
|a Self-counsel business series
|
| 650 |
0 |
0 |
|a Small business
|
| 650 |
0 |
0 |
|a Marketing
|
| 700 |
1 |
|
|a Gray, Douglas
|
| 999 |
|
|
|a 0000067266
|b BOK
|c OPEN SHELF
|e 1st Floor, Bestari Jaya
|